عرض عادي
عرض مارك
- الخوالدة، محمد محمود
مدخل إسم شخص
001 - رقم الضبط
- حقل الضبط: 20229
003 - معرف رقم الضبط
- حقل الضبط: OSt
005 - تاريخ ووقت أخر عملية
- حقل الضبط: 20130130184038.0
008 - عناصر بيانات ثابتة الطول
- حقل تحكم ثابت الطول: 130130|||a|||||| | ||| d
040 ## - مصدر الفهرسة
- هيئة الفهرسة الأصلية: OSt
- وكالة الكتابة: OSt
100 ## - مدخل -- أسم شخص
- إسم شخص: الخوالدة، محمد محمود
670 ## - بيانات المصدر موجوده
- الاستشهاد بالمصدر: Work cat.: (OSt): الخوالدة، محمد محمود, دراسات في الفكر التربوي المعاصر = , 2012.
